000 01809nam a22003017i 4500
005 20210825223335.0
008 210825t20192019-uka|||a |||| 00| 0 eng d
020 _a9780711240452
_cRM49.90
_qhardback
040 _aPPAK
_beng
_cPPAK
_erda
082 0 4 _223
_a428.1
090 0 0 _a428.1
_bORM
_dRK
100 1 _aOrmes, Jane,
_eauthor.
245 1 0 _aPeep Through:
_bFirst Words /
_cjane ormes
264 1 _aLondon , United Kingdom :
_bwords & pictures,
_c2019
264 4 _c©2019
300 _a1 volume (unnumbered pages) :
_bcolour illustrations ;
_c19 x 19 cm.
336 _2rdacontent
_atext
337 _2rdamedia
_aunmediated
338 _2rdacarrier
_avolume
490 1 _aThe Peep Through
500 _a Board book
520 _aThe Peep Through series combines important preschool concepts, original illustrations and a fun format to gently facilitate early learning. The large format and sturdy pages mean that parent and child can share the experience, both interacting with the beautiful illustrations and innovative die-cut shapes. The books invite children to peep through each hole onto the next page, discovering new concepts and practicing coordination and motor skills. Jane Ormes' eye-catching prints beautifully demonstrate these concepts and skills and help children to remember them, offering clean, simple shapes with texture and detail for closer attention. Currently with four titles, this series is a perfect way for children to start learning before school. Focusing on colours, numbers, opposites and first words, the series provides an engaging, interactive experience for both parent and child.
521 _aFor all ages.
650 1 0 _aVocabulary
_vJuvenile literature
650 2 0 _aPicture books for children
830 0 _aThe peep through
942 _2ddc
_cB
999 _c184746
_d184746